Keeper of The Lost Cities A-Z - Statistics

General Stats
  • This quiz has been taken 212 times
  • The average score is 14 of 24
Answer Stats
Hint Answer % Correct
Dad of Fitz A Alden
100%
Sister of Fitz B Biana
100%
Sophies first kiss D Dex
99%
Sandors Species G Goblin
88%
Where Humans live F Forbidden Cities
85%
Sophie's Enemy's N Neverseen
84%
The name of the alicorn Sophie saved S Silveny
83%
A gooey treat like fresh baked cookies M Mallowmelt
79%
A type of leaping crystal you use to get home H Home Crystal
77%
What Calla became when she sacrificed herself P Panakes
73%
A square silver gadget used to communicate I Imparter
71%
Jolies spectral mirrors name V Vertina
66%
The Elves only Graveyard W Wanderling Woods
53%
A type of elvin beverage Y Youth
51%
Something that connects cognates C Cognate Ring
50%
What the council uses to track people R Registry Pendant
48%
The name of Bianas stuffed yeti L Lady Sassyfur
38%
The name of Keefes dads "super boring book" T The Heart Of The Matter
32%
A powder used to put out fires Q Quicksnuff
26%
One of the first foods Sophie ate in the lost cities U Umber Leaves
21%
Something Elwin has run out of because of Sophie E Elixirs
20%
Something that hide's the user/user's O Obscurers
16%
Something used to take the sting out of serious bite's K Kelpie Dung
13%
Something kept in Kesler Dizznees extreme collection J Jaculus Venom
7%
No matching quizzes found
Score Distribution
Percent of People with Each Score
Percentile by Number Answered
Your Score History
You have not taken this quiz